000
00264nam a22001097a 4500
008
180806b xxu||||| |||| 00| 0 eng d
082
_a
813.52
245
_a
Physical Assessment Findings CD-ROM
_c
Saunders,W.B
260
_c
2000
300
_a
1
_f
CD
942
_2
ddc
_c
MX
999
_c
46824
_d
46824